000
00252nam a2200109Ia 4500
008
200828s9999 xx 000 0 und d
040
_c
DLC
082
_a
0
245
_a
Water Resources Engineering (Pb)
245
_c
S.R. Sahasrabudhe
942
_c
Book
999
_c
535088
_d
535088